[Event "46th Roda Open 2019"]
[Site "La Roda"]
[Date "2019.04.18"]
[Round "2.2"]
[White "Diaz Mino, Pablo"]
[Black "Grachev, Boris"]
[Result "1/2-1/2"]
[WhiteElo "2171"]
[BlackElo "2618"]
[Annotator "ChessBase"]
[PlyCount "171"]
[EventDate "2019.04.17"]
[EventType "swiss"]
[EventCountry "ESP"]
[SourceTitle "playchess.com"]
[Source "ChessBase"]
[SourceQuality "1"]
[TimeControl "5400+30"]

1. d4 {[%emt 0:00:00]} Nf6 {[%emt 0:00:00]} 2. c4 {[%emt 0:00:00]} e6 {[%emt 0:00:00]} 3. g3 {[%emt 0:00:00]} d5 {[%emt 0:02:35]} 4. Nf3 {[%emt 0:00:06]} Bb4+ {[%emt 0:00:46]} 5. Bd2 {[%emt 0:00:15]} Be7 {[%emt 0:01:04]} 6. Bg2 {[%emt 0:00:15]} O-O {[%emt 0:00:09]} 7. O-O {[%emt 0:00:14]} Nbd7 {[%emt 0:01:47]} 8. Qc2 {[%emt 0:00:42]} c6 {[%emt 0:00:44]} 9. Bf4 {[%emt 0:01:26]} b6 {[%emt 0:03:29]} 10. Nc3 {[%emt 0:08:03]} Ba6 {[%emt 0:04:01]} 11. cxd5 {[%emt 0:11:53]} cxd5 {[%emt 0:00:59]} 12. Rfc1 {[%emt 0:02:50]} b5 {[%emt 0:09:07]} 13. a3 {[%emt 0:03:38]} Rc8 {[%emt 0:00:27]} 14. Qd3 {[%emt 0:05:18]} Qb6 {[%emt 0:02:32]} 15. b4 {[%emt 0:01:01]} Bb7 {[%emt 0:12:43]} 16. Nd2 {[%emt 0:03:28]} a5 {[%emt 0:02:40]} 17. bxa5 {[%emt 0:02:19]} Qxa5 {[%emt 0:00:05]} 18. Qxb5 {[%emt 0:02:30]} Qa7 {[%emt 0:03:08]} 19. Qb3 {[%emt 0:08:10]} Ba6 {[%emt 0:07:14]} 20. e4 {[%emt 0:10:36]} dxe4 {[%emt 0:01:50]} 21. Ndxe4 {[%emt 0:07:43]} Qxd4 {[%emt 0:04:47]} 22. Rd1 {[%emt 0:02:25]} Qc4 {[%emt 0:04:51]} 23. Qb2 {[%emt 0:02:54]} Nxe4 {[%emt 0:13:40]} 24. Nxe4 {[%emt 0:01:33]} Nf6 {[%emt 0:02:13]} 25. Nd6 {[%emt 0:01:26]} Bxd6 {[%emt 0:00:46]} 26. Bxd6 {[%emt 0:02:22]} Rfd8 {[%emt 0:00:07]} 27. Bf1 {[%emt 0:01:40]} Qa4 {[%emt 0:02:55]} 28. Rd4 {[%emt 0:02:12]} Qc6 {[%emt 0:00:58]} 29. Bxa6 {[%emt 0:03:53]} Qxa6 {[%emt 0:00:06]} 30. Be5 {[%emt 0:00:35]} Rxd4 {[%emt 0:06:44]} 31. Qxd4 {[%emt 0:00:47]} Ne8 {[%emt 0:00:17]} 32. Qb4 {[%emt 0:03:44]} f6 {[%emt 0:01:55]} 33. Bf4 {[%emt 0:00:15]} e5 {[%emt 0:01:00]} 34. Be3 {[%emt 0:00:14]} Nd6 {[%emt 0:00:46]} 35. Rc1 {[%emt 0:06:16]} Rxc1+ {[%emt 0:02:33]} 36. Bxc1 {[%emt 0:00:07]} Qd3 {[%emt 0:01:32]} 37. Qd2 {[%emt 0:01:14]} e4 {[%emt 0:00:05]} 38. Qxd3 {[%emt 0:03:00]} exd3 {[%emt 0:00:05]} 39. Kf1 {[%emt 0:00:08]} Nc4 {[%emt 0:00:22]} 40. Ke1 {[%emt 0:00:17]} Kf7 {[%emt 0:00:08]} 41. a4 {[%emt 0:01:17]} Ke6 {[%emt 0:00:10]} 42. Bd2 {[%emt 0:00:22]} Kd5 {[%emt 0:01:40]} 43. a5 {[%emt 0:00:17]} Kc5 {[%emt 0:00:16]} 44. Bc3 {[%emt 0:00:29]} g6 {[%emt 0:01:07]} 45. Kd1 {[%emt 0:02:16]} f5 {[%emt 0:00:13]} 46. Ke1 {[%emt 0:00:25]} g5 {[%emt 0:00:23]} 47. Kd1 {[%emt 0:01:14]} g4 {[%emt 0:02:45]} 48. Ke1 {[%emt 0:00:03]} Kb5 {[%emt 0:00:04]} 49. Kd1 {[%emt 0:00:21]} Ka6 {[%emt 0:04:46]} 50. Ke1 {[%emt 0:00:08]} Kb7 {[%emt 0:00:03]} 51. Kd1 {[%emt 0:00:28]} Ka7 {[%emt 0:00:02]} 52. Ke1 {[%emt 0:00:08]} Ka6 {[%emt 0:00:04]} 53. Kd1 {[%emt 0:00:12]} Kb5 {[%emt 0:00:04]} 54. Ke1 {[%emt 0:00:47]} Nd6 {[%emt 0:01:16]} 55. a6 {[%emt 0:01:16]} Kxa6 {[%emt 0:01:32]} 56. Kd2 {[%emt 0:00:06]} Kb5 {[%emt 0:00:07]} 57. Kxd3 {[%emt 0:00:07]} Kc5 {[%emt 0:00:04]} 58. Ke3 {[%emt 0:01:35]} Kd5 {[%emt 0:00:09]} 59. f3 {[%emt 0:00:41]} h5 {[%emt 0:00:14]} 60. fxg4 {[%emt 0:00:28]} hxg4 {[%emt 0:00:05]} 61. Kf4 {[%emt 0:00:38]} Ke6 {[%emt 0:00:04]} 62. Bb4 {[%emt 0:00:50]} Ne4 {[%emt 0:00:07]} 63. Be1 {[%emt 0:00:07]} Kf6 {[%emt 0:00:50]} 64. Bb4 {[%emt 0:00:45]} Kg6 {[%emt 0:00:21]} 65. Ke3 {[%emt 0:00:36]} Ng5 {[%emt 0:00:40]} 66. Kf2 {[%emt 0:00:07]} Kf6 {[%emt 0:00:21]} 67. Bc3+ {[%emt 0:00:19]} Ke6 {[%emt 0:00:04]} 68. Kg2 {[%emt 0:00:09]} Kd5 {[%emt 0:00:19]} 69. Bd2 {[%emt 0:00:10]} Ne4 {[%emt 0:01:11]} 70. Be3 {[%emt 0:00:08]} Kc4 {[%emt 0:00:06]} 71. h3 {[%emt 0:00:21]} Kd3 {[%emt 0:00:05]} 72. hxg4 {[%emt 0:00:10]} fxg4 {[%emt 0:00:08]} 73. Bf4 {[%emt 0:00:03]} Ke2 {[%emt 0:00:04]} 74. Bc7 {[%emt 0:00:42]} Nf2 {[%emt 0:00:15]} 75. Bb6 {[%emt 0:00:40]} Nd1 {[%emt 0:00:05]} 76. Bc7 {[%emt 0:02:33]} Ne3+ {[%emt 0:00:07]} 77. Kg1 {[%emt 0:00:35]} Kf3 {[%emt 0:00:05]} 78. Bd6 {[%emt 0:00:20]} Nf5 {[%emt 0:00:06]} 79. Be5 {[%emt 0:00:27]} Nxg3 {[%emt 0:00:06]} 80. Bc7 {[%emt 0:00:20]} Ne2+ {[%emt 0:00:10]} 81. Kf1 {[%emt 0:00:20]} Nd4 {[%emt 0:00:45]} 82. Be5 {[%emt 0:00:35]} Nf5 {[%emt 0:00:59]} 83. Bc7 {[%emt 0:00:12]} Ng3+ {[%emt 0:00:19]} 84. Kg1 {[%emt 0:00:10]} Nh5 {[%emt 0:00:05]} 85. Be5 {[%emt 0:00:24]} g3 {[%emt 0:00:05]} 86. Bxg3 {[%emt 0:00:04]} 1/2-1/2

[Event "46th Roda Open 2019"]
[Site "La Roda"]
[Date "2019.04.18"]
[Round "2.3"]
[White "Perez Candelario, Manuel"]
[Black "Garrido Outon, Alex"]
[Result "1-0"]
[WhiteElo "2615"]
[BlackElo "2167"]
[Annotator "TA"]
[PlyCount "61"]
[EventDate "2019.04.17"]
[EventType "swiss"]
[EventCountry "ESP"]
[SourceTitle "playchess.com"]
[Source "ChessBase"]
[SourceQuality "1"]

{[%evp 29,61,0,45,41,49,36,54,46,57,22,29,29,29,29,40,28,65,82,73,68,88,45,47,27,120,23,53,19,41,0,333,320,427,408]} 1. e4 e5 2. Nf3 Nc6 3. Bb5 a6 4. Ba4 Nf6 5. O-O Be7 6. Re1 b5 7. Bb3 d6 8. c3 O-O 9. h3 Nb8 10. d4 Nbd7 11. Nbd2 {[%cal Bb1d2,Bd2f1,Bf1g3][%mdl 32]} Bb7 12. Bc2 Re8 13. Nf1 Bf8 14. Ng3 g6 15. b3 c6 16. Bg5 {C95: Closed Ruy Lopez: Breyer Variation with 10 d4} (16. a4 Qc7 17. Bg5 Bg7 18. Qd2 Nf8 19. Bh6 Ne6 20. Bxg7 Kxg7 21. Rad1 Rad8 22. b4 Bc8 23. Bb3 Nf4 {1-0 (45) Duda,J (2737)-Karjakin,S (2773) chess.com INT 2018}) 16... h6 17. Be3 Qc7 18. Qd2 {White is slightly better.} Kh7 19. Nh2 Bg7 {[#]} 20. Rac1 $146 ({Predecessor:} 20. Rad1 Qa5 21. Ng4 h5 22. Nxf6+ Nxf6 23. Bg5 Kg8 {0-1 (59) Korneev,O (2606)-Roiz,M (2529) Istanbul 2003}) 20... Rad8 21. f4 Qa5 22. b4 Qc7 ({Not} 22... Qxa2 $2 23. f5 $18) 23. Qf2 a5 24. Nf3 Ra8 25. dxe5 dxe5 26. f5 c5 (26... g5 $11 {keeps the balance.}) 27. bxc5 ({White should try} 27. c4 $16) 27... Rac8 {[%cal Rd7c5]} 28. Bb3 Rf8 $1 29. Bxf7 Rxf7 $4 {[%mdl 8192]} (29... gxf5 $11 {and Black stays safe.} 30. c4 f4 31. cxb5 Rxf7) 30. fxg6+ $18 Kxg6 {[#] Threatens to win with ...Kh7.} 31. Ng5 $1 {[%mdl 512] Accuracy: White = 45%, Black = 39%.} 1-0

[Event "46th Roda Open 2019"]
[Site "La Roda"]
[Date "2019.04.18"]
[Round "2.4"]
[White "Perez Ordonez, Jose Ramon"]
[Black "Popov, Ivan"]
[Result "1/2-1/2"]
[WhiteElo "2161"]
[BlackElo "2585"]
[Annotator "TA"]
[PlyCount "51"]
[EventDate "2019.04.17"]
[EventType "swiss"]
[EventCountry "ESP"]
[SourceTitle "playchess.com"]
[Source "ChessBase"]
[SourceQuality "1"]

{[%evp 11,51,44,51,62,62,28,28,5,8,0,0,0,0,0,2,0,0,0,0,0,0,0,7,13,5,0,0,0,0,0,54,12,80,18,19,-10,150,134,147,144,146,127]} 1. d4 e6 2. c4 c5 3. d5 exd5 4. cxd5 d6 5. Nc3 a6 6. a4 g6 7. Nf3 {A43: Schmid Benoni} Bg7 8. Nd2 Nd7 9. e3 $146 {White has an edge.} ({Predecessor:} 9. e4 Nh6 10. Nc4 Nb6 11. Ne3 f5 12. a5 Nd7 13. exf5 O-O 14. fxg6 hxg6 {0-1 (58) Kryakvin,D (2588)-Ponkratov,P (2630) Khanty-Mansiysk 2018}) 9... f5 10. Be2 Ngf6 11. Nc4 Nb6 12. Na3 Nbd7 13. Nc4 Nb6 14. Na3 O-O 15. a5 $36 {[%mdl 2048] Black is under pressure.} Nbd7 16. Nc4 b5 17. axb6 $1 Nxb6 18. Na5 Ne4 19. Bd2 (19. Qb3 {with more complications.} Bd7 20. O-O Qc7 21. Ra3 Rfb8 22. Qc2) 19... Nxd2 20. Qxd2 Kh8 ({Better is} 20... Qh4 $11) 21. h4 Nd7 (21... Bd7 $11) 22. g3 (22. Nc6 $16 Qf6 23. Ra5) 22... Ne5 23. Nc4 Ng4 $2 {[#]} (23... a5 $11) 24. Bxg4 $1 $16 {White is clearly better.} fxg4 25. Ne4 Bd7 26. Nexd6 {Accuracy: White = 55%, Black = 66%.} 1/2-1/2

[Event "46th Roda Open 2019"]
[Site "La Roda"]
[Date "2019.04.18"]
[Round "2.5"]
[White "Forcen Esteban, Daniel"]
[Black "Rodriguez Garcia, Manuel Fco"]
[Result "1-0"]
[WhiteElo "2567"]
[BlackElo "2152"]
[Annotator "TA"]
[PlyCount "62"]
[EventDate "2019.04.17"]
[EventType "swiss"]
[EventCountry "ESP"]
[SourceTitle "playchess.com"]
[Source "ChessBase"]
[SourceQuality "1"]

{[%evp 13,62,0,17,26,19,13,40,33,37,36,30,48,52,25,48,60,56,63,62,11,80,34,30,11,18,16,37,0,39,0,0,-21,30,29,29,0,0,-2,10,0,25,34,241,240,241,239,237,237,305,291,2354]} 1. c4 Nf6 2. Nc3 e6 3. b3 d5 4. e3 Be7 5. Bb2 O-O 6. Nf3 c5 7. cxd5 exd5 8. d4 {A13: English Opening: 1...e6} Nc6 (8... b6 9. Be2 Ne4 10. O-O Nxc3 11. Bxc3 Be6 12. dxc5 bxc5 13. Qc2 Nd7 14. Rfd1 Bf6 15. Rac1 Rb8 {½-½ (60) Nepomniachtchi,I (2771)-Idani,P (2604) Astana 2019}) 9. Be2 Be6 10. O-O {White is slightly better.} Rc8 11. Rc1 b6 12. Ba6 $146 ({Predecessor:} 12. dxc5 bxc5 13. Na4 Nd7 14. Qd2 Nb4 15. Bc3 Nc6 16. Bb2 Nb4 17. Bc3 Nc6 18. Bb2 {½-½ (18) Kuzmicz,K (2468)-Tazbir,M (2552) Szklarska Poreba 2013}) 12... Rc7 13. Bb5 cxd4 14. Nxd4 Nxd4 15. Qxd4 Bc5 16. Qa4 (16. Qd3 $14) 16... Qe7 (16... d4 $11 {remains equal.} 17. Rcd1 Nd5 18. Nxd5 (18. exd4 Bd6 $11) 18... Bxd5) 17. Rfd1 Rd8 18. Be2 Rcd7 {With the idea ...d4.} 19. Nb5 Ne4 20. Bf3 Qh4 (20... Ng5 $5 {[%cal Rd5d4]} 21. Be2 Ne4 $14) 21. g3 Qg5 {[#] White must now prevent ...Nxf2!} 22. Nd4 Bg4 ({Black should try} 22... Qf6 23. Bxe4 dxe4) 23. Bxg4 $11 Qxg4 24. Qb5 (24. f3 $5 {[%cal Rf3g4]} Qg5 25. fxe4 Qxe3+ {[%mdl 64] Double Attack} 26. Kh1 dxe4 27. Rf1 $11) 24... Bxd4 25. Rxd4 Rd6 26. Rc2 Qf3 {Threatening ...Ng5.} 27. Ba3 $40 {[%mdl 128] White mounts an attack.} Nxg3 $2 (27... Re6 $14) 28. fxg3 $18 ({Don't go for} 28. hxg3 $2 Rh6 $19) 28... Qxe3+ 29. Rf2 {Hoping for Rd3!} Rf6 30. Rdd2 {aiming for Rde2.} d4 31. Qd3 {[#] Qxe3 is the strong threat.} Qf3 $2 {Accuracy: White = 35%, Black = 32%.} (31... Qe1+ 32. Qf1 Qe3) 1-0

[Event "46th Roda Open 2019"]
[Site "La Roda"]
[Date "2019.04.18"]
[Round "2.6"]
[White "Lara Granero, Bio"]
[Black "Solodovnichenko, Yuri"]
[Result "0-1"]
[WhiteElo "2153"]
[BlackElo "2554"]
[Annotator "TA"]
[PlyCount "80"]
[EventDate "2019.04.17"]
[EventType "swiss"]
[EventCountry "ESP"]
[SourceTitle "playchess.com"]
[Source "ChessBase"]
[SourceQuality "1"]

{[%evp 11,80,6,2,-1,0,-9,0,0,16,4,4,15,25,-26,-25,-31,-24,-35,-40,-25,-37,-35,-27,-18,-27,-13,-11,-20,-13,-29,-22,-50,-48,-38,-45,-44,-6,-14,0,-40,-37,-42,-39,-93,-110,-153,-162,-148,-168,-244,-253,-250,-255,-289,-281,-277,-281,-304,-298,-350,-338,-427,-409,-510,-503,-478,-488,-591,-587,-819,-783]} 1. Nf3 d5 2. b3 Bf5 3. Bb2 e6 4. e3 Nf6 5. Be2 h6 6. O-O Nbd7 7. d3 {A06: Réti Opening:1 Nf3 d5} (7. c4 c6 8. Nc3 Bd6 9. Rc1 a6 10. d3 O-O 11. Qd2 Qe7 12. Rfd1 Bh7 13. Qc2 e5 14. cxd5 cxd5 15. Qb1 {1-0 (49) Pridorozhni,A (2579)-Riazantsev,A (2651) Sochi 2016}) 7... Bd6 8. Nbd2 O-O 9. Re1 {The position is equal.} e5 10. e4 $146 ({Predecessor:} 10. d4 e4 11. Ne5 Qe7 12. Nxd7 Nxd7 13. f4 Be6 14. c4 {½-½ (54) Poznanska,K (2121)-Cherednichenko,E (2177) Poronin 2013}) 10... Bh7 11. exd5 Nxd5 12. Nc4 ({Better is} 12. Bf1) 12... Bb4 $11 13. Rf1 Re8 14. a3 Nc3 15. Qd2 Nxe2+ 16. Qxe2 Bf8 17. Rad1 Nb6 18. Ne3 ({Of course not} 18. Nfxe5 f6 $17) 18... Bd6 19. Nd2 c6 20. Ne4 Bf8 21. Ng3 Nd5 22. Qf3 Qd7 23. Rfe1 Rad8 24. Nxd5 Qxd5 25. Qg4 f6 26. h4 Qf7 27. Re2 {[#]} ({White should play} 27. h5 $15) 27... e4 $1 $17 {[%mdl 512]} 28. Nf5 {Threatens to win with Nxh6+.} (28. dxe4 Rxd1+) 28... Qg6 29. Qxg6 Bxg6 30. g4 {[#]} (30. Ng3 {keeps fighting.}) 30... h5 $1 $19 31. Rde1 exd3 32. cxd3 Rxe2 ({Don't take} 32... hxg4 33. Ne7+ Bxe7 34. Rxe7 $19) 33. Rxe2 Kf7 34. d4 hxg4 35. Ne3 Be4 36. Nc4 Bf3 37. Rd2 b5 {Black is clearly winning.} 38. Ne3 Bd6 39. Rc2 Rh8 40. Nf5 Kg6 {Accuracy: White = 45%, Black = 82%.} 0-1

[Event "46th Roda Open 2019"]
[Site "La Roda"]
[Date "2019.04.18"]
[Round "2.7"]
[White "Grigoryan, Karen H."]
[Black "Santos, Antonio P"]
[Result "1-0"]
[WhiteElo "2545"]
[BlackElo "2138"]
[Annotator "TA"]
[PlyCount "93"]
[EventDate "2019.04.17"]
[EventType "swiss"]
[EventCountry "ESP"]
[SourceTitle "playchess.com"]
[Source "ChessBase"]
[SourceQuality "1"]

{[%evp 23,93,43,64,62,77,79,81,56,69,49,49,49,66,49,49,54,73,24,22,12,25,0,0,0,0,0,10,0,14,16,34,0,0,0,75,84,71,71,81,67,147,91,106,81,79,90,90,91,127,120,305,310,290,305,439,439,429,429,429,416,1220,1154,1656,1552,2239,2404,1684,2067,2273,1910,1458,1395]} 1. Nf3 Nf6 2. g3 c5 3. Bg2 e6 4. O-O Be7 5. c4 O-O 6. d4 cxd4 7. Nxd4 Nc6 8. Nc3 a6 9. b3 Qc7 10. Bb2 d6 11. Rc1 Nxd4 12. Qxd4 Rd8 13. Na4 {A33: Symmetrical English: 2 Nf3 Nf6 3 d4 cxd4 4 Nxd4 e6 5 Nc3 Nc6} Bf8 $146 ({Predecessor:} 13... Bd7 14. Nb6 Rab8 15. Nxd7 Rxd7 16. Rfd1 Qd8 17. Bc3 Rc8 18. a4 Qf8 19. e4 Qd8 20. Bf3 Bf8 {1-0 (73) Hansen,T (2492)-Chirivi Castiblanco,J (2205) Sitges 2013}) 14. Nb6 Rb8 15. Nxc8 {White is better.} Rdxc8 16. Rfd1 Qa5 17. Qc3 Qxc3 18. Bxc3 b5 19. cxb5 axb5 20. e4 b4 21. Bb2 Nd7 22. Rxc8 Rxc8 23. Rd2 g6 24. Kf1 Be7 25. Ke2 Ra8 26. Bd4 Ra5 27. Kd1 Bf6 28. Be3 Ne5 (28... Bc3 $11 29. Rxd6 Ne5) 29. h3 g5 30. Kc1 ({Reject} 30. Rxd6 $6 Rxa2 31. Bf1 g4 $11) 30... Be7 31. Kb1 Ra6 (31... g4 $14) 32. Bf1 (32. Rd4 $142) 32... Rc6 $16 33. Rd4 Rb6 34. f4 gxf4 35. gxf4 Ng6 36. Bd2 e5 $2 {[#]} (36... d5 $16) 37. Rxb4 $18 Rxb4 38. Bxb4 exf4 {[%mdl 4096] Endgame KBB-KBN} (38... Kf8 {keeps fighting.} 39. fxe5 Nxe5) 39. a4 d5 40. Bxe7 Nxe7 41. exd5 {[#] Strongly threatening d6.} Nxd5 {KB-KN} (41... Kf8 $142 42. Bg2 Ke8) 42. Bg2 {White is clearly winning.} Nb4 43. Kb2 Kf8 44. Kc3 Na6 45. b4 {[%cal Bb3b4,Bb4b5][%mdl 32]} Ke7 46. b5 Nc5 47. a5 {Accuracy: White = 70%, Black = 46%.} 1-0

[Event "46th Roda Open 2019"]
[Site "La Roda"]
[Date "2019.04.18"]
[Round "2.8"]
[White "Carbonell Sancho, Marc"]
[Black "Ibarra Jerez, Jose Carlos"]
[Result "0-1"]
[WhiteElo "2149"]
[BlackElo "2542"]
[Annotator "ChessBase"]
[PlyCount "86"]
[EventDate "2019.04.17"]
[EventType "swiss"]
[EventCountry "ESP"]
[SourceTitle "playchess.com"]
[Source "ChessBase"]
[SourceQuality "1"]
[TimeControl "5400+30"]

1. e4 {[%emt 0:00:00]} c5 {[%emt 0:00:00]} 2. Nf3 {[%emt 0:00:00]} d6 {[%emt 0:00:15]} 3. d4 {[%emt 0:00:00]} Nf6 {[%emt 0:00:33]} 4. Nc3 {[%emt 0:00:00]} cxd4 {[%emt 0:00:31]} 5. Nxd4 {[%emt 0:00:00]} a6 {[%emt 0:00:15]} 6. Bc4 {[%emt 0:00:20]} e6 {[%emt 0:00:19]} 7. Bb3 {[%emt 0:00:06]} Nbd7 {[%emt 0:00:08]} 8. Bg5 {[%emt 0:00:54]} Nc5 {[%emt 0:01:07]} 9. O-O {[%emt 0:01:47]} Be7 {[%emt 0:01:44]} 10. Re1 {[%emt 0:01:00]} h6 {[%emt 0:02:02]} 11. Bh4 {[%emt 0:00:52]} Nxb3 {[%emt 0:01:13]} 12. axb3 {[%emt 0:02:14]} g5 {[%emt 0:00:34]} 13. Bg3 {[%emt 0:00:09]} e5 {[%emt 0:00:06]} 14. Nf5 {[%emt 0:05:16]} Nxe4 {[%emt 0:00:32]} 15. Nxd6+ {[%emt 0:19:07]} Qxd6 {[%emt 0:06:08]} 16. Rxe4 {[%emt 0:15:42]} Qxd1+ {[%emt 0:07:46]} 17. Rxd1 {[%emt 0:00:25]} f6 {[%emt 0:00:36]} 18. Nd5 {[%emt 0:01:05]} Bd8 {[%emt 0:02:25]} 19. c4 {[%emt 0:05:48]} Bf5 {[%emt 0:21:16]} 20. Re3 {[%emt 0:01:28]} O-O {[%emt 0:02:35]} 21. f3 {[%emt 0:01:16]} Rc8 {[%emt 0:03:35]} 22. Bf2 {[%emt 0:05:27]} Rf7 {[%emt 0:07:27]} 23. g4 {[%emt 0:07:58]} Bc2 {[%emt 0:05:55]} 24. Rc1 {[%emt 0:01:44]} Bg6 {[%emt 0:00:56]} 25. Re2 {[%emt 0:03:06]} h5 {[%emt 0:04:44]} 26. h3 {[%emt 0:00:17]} hxg4 {[%emt 0:00:38]} 27. hxg4 {[%emt 0:00:08]} Be7 {[%emt 0:04:49]} 28. Nxe7+ {[%emt 0:02:52]} Rxe7 {[%emt 0:00:20]} 29. Rd1 {[%emt 0:00:05]} Be8 {[%emt 0:01:15]} 30. Rd6 {[%emt 0:01:33]} Kf7 {[%emt 0:01:58]} 31. Bb6 {[%emt 0:03:10]} Bc6 {[%emt 0:06:01]} 32. Rh2 {[%emt 0:01:34]} Kg7 {[%emt 0:00:22]} 33. Kf2 {[%emt 0:00:13]} Rce8 {[%emt 0:02:58]} 34. Rh5 {[%emt 0:06:34]} Re6 {[%emt 0:04:24]} 35. Rxe6 {[%emt 0:01:29]} Rxe6 {[%emt 0:00:02]} 36. Be3 {[%emt 0:00:02]} Rd6 {[%emt 0:01:37]} 37. Ke2 {[%emt 0:02:45]} e4 {[%emt 0:01:10]} 38. fxe4 {[%emt 0:01:39]} Bxe4 {[%emt 0:00:09]} 39. Bd2 {[%emt 0:00:13]} Bf3+ {[%emt 0:00:55]} 40. Kxf3 {[%emt 0:03:20]} Rxd2 {[%emt 0:00:06]} 41. Rh3 {[%emt 0:00:20]} Rd3+ {[%emt 0:00:11]} 42. Kg2 {[%emt 0:00:03]} Rxh3 {[%emt 0:00:56]} 43. Kxh3 {[%emt 0:00:01]} a5 {[%emt 0:01:09]} 0-1

[Event "46th Roda Open 2019"]
[Site "La Roda"]
[Date "2019.04.18"]
[Round "3.1"]
[White "Del Rey, Diego"]
[Black "Predke, Alexandr"]
[Result "0-1"]
[WhiteElo "2355"]
[BlackElo "2619"]
[Annotator "RC"]
[PlyCount "110"]
[EventDate "2019.04.17"]
[EventType "swiss"]
[EventCountry "ESP"]
[SourceTitle "playchess.com"]
[Source "ChessBase"]
[SourceQuality "1"]
[TimeControl "5400+30"]

1. e4 {[%emt 0:01:11]} c6 {[%emt 0:03:08]} 2. d4 {[%emt 0:00:08]} d5 {[%emt 0:00:04]} 3. Nd2 {[%emt 0:00:24]} dxe4 {[%emt 0:00:33]} 4. Nxe4 {[%emt 0:00:07]} Bf5 {[%emt 0:00:13]} 5. Ng3 {[%emt 0:00:07]} Bg6 {[%emt 0:00:06]} 6. Nh3 {[%emt 0:00:05]} e6 {[%emt 0:04:02]} 7. Nf4 {[%emt 0:00:19]} Qh4 {[%emt 0:01:37]} 8. c3 {[%emt 0:03:42]} Nd7 {[%emt 0:02:35]} 9. Qf3 {[%emt 0:01:12]} Ngf6 {[%emt 0:02:36]} 10. Nxg6 {[%emt 0:02:16]} hxg6 {[%emt 0:00:11]} 11. Qf4 {[%emt 0:01:45]} Qxf4 {[%emt 0:09:40]} 12. Bxf4 {[%emt 0:00:02]} Nd5 {[%emt 0:00:07]} 13. Bd2 {[%emt 0:01:53]} N7f6 {[%emt 0:00:05]} 14. Bd3 {[%emt 0:00:53]} Bd6 {[%emt 0:04:03]} 15. Ne4 {[%emt 0:01:00]} Bf4 {[%emt 0:04:04]} 16. h4 {[%emt 0:08:56]} Ke7 {[%emt 0:13:46]} 17. g3 {[%emt 0:04:18]} Bxd2+ {[%emt 0:01:03]} 18. Kxd2 {[%emt 0:00:08]} Nxe4+ {[%emt 0:01:52]} 19. Bxe4 {[%emt 0:00:04]} Nf6 {[%emt 0:00:31]} 20. Bf3 {[%emt 0:00:22]} Ne8 {[%emt 0:01:01]} 21. c4 {[%emt 0:02:45]} Nd6 {[%emt 0:01:10]} 22. Kc3 {[%emt 0:00:06]} Kf6 {[%emt 0:05:34]} 23. a4 {[%emt 0:06:37]} a5 {[%emt 0:01:26]} 24. Rab1 {[%emt 0:02:12]} Nf5 {[%emt 0:06:29]} 25. Rhd1 {[%emt 0:05:30]} Rhd8 {[%emt 0:02:36]} 26. Rd3 {[%emt 0:07:19]} Rd7 {[%emt 0:01:42]} 27. Rbd1 {[%emt 0:00:31]} g5 {[%emt 0:02:59]} 28. h5 {[%emt 0:06:47]} Rad8 {[%emt 0:02:23]} 29. Be4 {[%emt 0:05:31]} Nd6 {[%emt 0:02:41]} 30. Bg2 {[%emt 0:02:00]} g4 {[%emt 0:00:47]} 31. f3 {[%emt 0:00:24]} gxf3 {[%emt 0:02:20]} 32. Bxf3 {[%emt 0:00:02]} Kg5 {[%emt 0:03:30]} 33. g4 {[%emt 0:02:17]} f6 {[%emt 0:01:31]} 34. b4 {[%emt 0:04:43]} axb4+ {[%emt 0:02:16]} 35. Kxb4 {[%emt 0:00:01]} Nf7 {[%emt 0:00:31]} 36. Kc3 {[%emt 0:02:33]} e5 {[%emt 0:05:21]} 37. a5 {[%emt 0:00:55]} Re7 {[%emt 0:06:23]} 38. Bh1 {[%emt 0:03:32]} exd4+ {[%emt 0:01:12]} 39. Rxd4 {[%emt 0:00:06]} Rxd4 {[%emt 0:00:09]} 40. Rxd4 {[%emt 0:00:03]} Ne5 {[%emt 0:00:03]} 41. c5 {[%emt 0:00:42]} Nxg4 {[%emt 0:04:46]} 42. a6 {[%emt 0:03:05]} bxa6 {[%emt 0:00:03]} 43. Bxc6 {[%emt 0:00:03]} Ne5 {[%emt 0:00:04]} 44. Ba4 {[%emt 0:00:39]} Kxh5 {[%emt 0:00:48]} 45. Kb4 {[%emt 0:00:04]} g5 {[%emt 0:01:20]} 46. c6 {[%emt 0:00:09]} g4 {[%emt 0:01:47]} 47. Kc5 {[%emt 0:00:05]} f5 {[%emt 0:01:11]} 48. Kd6 {[%emt 0:00:31]} Nxc6 {[%emt 0:00:03]} 49. Bxc6 {[%emt 0:00:08]} Re2 {[%emt 0:00:41]} 50. Bb7 {[%emt 0:03:26]} Rb2 {[%emt 0:00:58]} 51. Bc8 {[%emt 0:03:32]} Kg5 {[%emt 0:00:11]} 52. Bd7 {[%emt 0:01:34]} g3 {[%emt 0:00:54]} 53. Rd1 {[%emt 0:01:18]} f4 {[%emt 0:00:48]} 54. Rg1 {[%emt 0:02:49]} Rd2+ {[%emt 0:00:22]} 55. Ke7 {[%emt 0:00:23]} Rxd7+ {[%emt 0:00:18]} 0-1